Piscicultura de agua dulce / (Record no. 49079)

MARC details
000 -LEADER
campo de control de longitud fija 00408nam a2200145 i 4500
001 - NÚMERO DE CONTROL
campo de control 49079
003 - IDENTIFICADOR DE NÚMERO DE CONTROL
campo de control ES-MaACL
007 - CAMPO FIJO DE DESCRIPCIÓN FÍSICA--INFORMACIÓN GENERAL
campo de control de longitud fija t|
008 - DATOS DE LONGITUD FIJA--INFORMACIÓN GENERAL
campo de control de longitud fija 030707s1930 sp ||||1| spa d
100 1# - ENTRADA PRINCIPAL--NOMBRE DE PERSONA
Nombre de persona Corrales Puyol, Severino.
9 (RLIN) 40738
245 10 - MENCIÓN DEL TÍTULO
Título Piscicultura de agua dulce /
Mención de responsabilidad, etc. Severino Corrales Puyol.
260 ## - PUBLICACIÓN, DISTRIBUCIÓN, ETC.
Lugar de publicación, distribución, etc. Madrid :
Nombre del editor, distribuidor, etc. J. Sánchez de Ocaña,
Fecha de publicación, distribución, etc. 1930.
300 ## - DESCRIPCIÓN FÍSICA
Extensión 208 p. ;
Dimensiones 17 cm.
852 ## - LOCALIZACIÓN
Ubicación ES-MaACL
Número de control de estantería B-6122
Holdings
Estatus retirado Estado de pérdida Estado de daño No para préstamo Biblioteca de origen Biblioteca actual Ubicación en estantería Fecha de adquisición Fuente de adquisición Total de préstamos Signatura topográfica completa Código de barras Visto por última vez Precio de reemplazo Tipo de ítem Koha
        Biblioteca del Ateneo de Madrid Biblioteca del Ateneo de Madrid Sala Pardo Bazán 17/01/2008     B-6122 1051651 23/02/2023 23/02/2023 Libro impreso